000 00520nam a2200157Ia 4500
008 220216s9999 xx 000 0 und d
100 _aOsman Ramli bin
245 0 _aMalaysian Rubber Boards transfer of technology programmes for the rubber industry
260 _bIRRDB Natural Rubber Conference 2008, 13-15 October 2008, Kuala Lumpur, Malaysia: Abstract of papers
500 _aSource Year: 2008
650 _aMalaysia
650 _aTechnology transfer
700 _aVanaja V
856 _uAbst only
942 _cJS
999 _c62398
_d62398